幸福成长绘本 : (Record no. 10040)
[ view plain ]
| 000 -LEADER | |
|---|---|
| fixed length control field | 00787nam a22001937a 4500 |
| 001 - CONTROL NUMBER | |
| control field | 10040 |
| 003 - CONTROL NUMBER IDENTIFIER | |
| control field | FISKH |
| 005 - DATE AND TIME OF LATEST TRANSACTION | |
| control field | 20260401101509.0 |
| 008 - FIXED-LENGTH DATA ELEMENTS--GENERAL INFORMATION | |
| fixed length control field | 260331b cb ||||| |||| 00| 0 eng d |
| 020 ## - INTERNATIONAL STANDARD BOOK NUMBER | |
| International Standard Book Number | 9787511037404 |
| 040 ## - CATALOGING SOURCE | |
| Original cataloging agency | FISKH |
| Language of cataloging | chi |
| Transcribing agency | FISKH |
| Modifying agency | FISKH |
| 082 ## - DEWEY DECIMAL CLASSIFICATION NUMBER | |
| Classification number | 155.4 |
| 100 ## - MAIN ENTRY--PERSONAL NAME | |
| Personal name | 引进版绘本 |
| 245 ## - TITLE STATEMENT | |
| Title | 幸福成长绘本 : |
| Remainder of title | Vegatable garden adventure / |
| Statement of responsibility, etc. | 引进版绘本 |
| 300 ## - PHYSICAL DESCRIPTION | |
| Extent | 32 unnumbered pages : |
| Other physical details | color illustrations ; |
| Dimensions | 28 cm . |
| 520 ## - SUMMARY, ETC. | |
| Summary, etc. | 本书属于**“幸福成长绘本(第2辑)”系列**,为引进版儿童绘本。每册通过生动有趣的故事,帮助孩子学习:<br/><br/>情绪管理<br/>人际交往<br/>自信与成长<br/><br/>内容温馨、图画丰富,适合儿童阅读与性格培养。 |
| 942 ## - ADDED ENTRY ELEMENTS (KOHA) | |
| Source of classification or shelving scheme | Dewey Decimal Classification |
| Koha item type | Chinese Book |
| Suppress in OPAC | No |
| Withdrawn status | Lost status | Source of classification or shelving scheme | Damaged status | Not for loan | Collection | Home library | Current library | Shelving location | Date acquired | Total Checkouts | Full call number | Barcode | Date last seen | Price effective from | Koha item type |
|---|---|---|---|---|---|---|---|---|---|---|---|---|---|---|---|
| Dewey Decimal Classification | Reference | Footprints International School Library Network Toul Tom Poung Campus | Footprints International School Library Network Toul Tom Poung Campus | Librarian's Shelf TTP | 03/31/2026 | 引进版绘本 155.4 | 2026-0420 | 03/31/2026 | 03/31/2026 | Books |
